Statistics for Janis Joplin Filmography

Click here to take the quiz!

General Stats

  • This quiz has been taken 3 times
    (2 since last reset)
  • The average score is 5 of 20

Answer Stats

TypeYearName% Correct
Documentary1974Janis
100%
Documentary2015Janis: Little Blue Girl
100%
Documentary2003Festival Express
50%
TV Documentary1970Janis Joplin
50%
Concert Film1969Janis Joplin Live in Frankfurt
50%
Documentary2009Janis Joplin with Big Brother: Ball and Chain
50%
Concert Film1968Monterey Pop
50%
Documentary1994Woodstock: Three Days of Peace and Music
50%
Short Film1967Ball and Chain
0%
Documentary1988Comin' Home
0%
Short Film1969Janis Joplin and Her Group
0%
TV Show1969Music Scene
0%
Documentary2001Nine Hundred Nights
0%
Film1968Petulia
0%
Documentary2005Rockin' at the Red Dog: The Dawn of Psychedelic Rock
0%
TV Special2005The Dick Cavett Show: Rock Icons
0%
TV Show1966The Ed Sullivan Show
0%
TV Show1968The Hollywood Palace
0%
TV Show2007This Is Tom Jones
0%
Documentary1990Woodstock: The Lost Performances
0%

Score Distribution

Percentile by Number Answered

Percent of People with Each Score

Your Score History

You have not taken this quiz since the last reset